| 000 | 00707nam a22002177a 4500 | ||
|---|---|---|---|
| 003 | DO-SdBNP | ||
| 005 | 20231205105209.0 | ||
| 008 | 220329b2002 dr | 00| 0 spa d | ||
| 020 | _a9993455202 | ||
| 040 |
_aBPMSU _bspa _cBPMSU |
||
| 082 | 4 |
_a128.2 _bC346f 2002 _222 |
|
| 100 | 1 |
_aCastaños Guzmán, Julio César _d1955- |
|
| 245 |
_aFilosofía del hombre burro / _cJulio César Castaños Guzmán |
||
| 260 |
_aSanto Domingo: _bciguapa _c2002 |
||
| 300 |
_a117 p; _c24 cm |
||
| 500 | _aIncluye datos biográficos del autor en la contracubierta del libro | ||
| 650 | 4 | _aAntropología filosófica. | |
| 650 | 4 | _aIdentidad (Concepto filosófico) | |
| 910 | _aVMateo V. Control de calidad. BPMSU | ||
| 942 |
_2ddc _cBK |
||
| 999 |
_c14121 _d14121 |
||